Statystyki dla Quiz wiedzy o Polskich kolejach.

Kliknij tutaj aby rozwiązać quiz!

Ogólne statystyki

  • Ten quiz został rozwiązany 37 razy
  • Średni wynik to 3 z 7

Statystyki odpowiedzi

Odpowiedź% Poprawnych
Pendolino
100%
Elf
79%
Kibel
64%
Siódemka
36%
Kaczka
21%
Hetman
7%
Bezerka
4%

Rozkład punktacji

Percentyl według liczby udzielonych odpowiedzi

Procent ludzi z każdym wynikiem

Twoja historia wyników

Nie rozwiązałeś tego quizu